000 00552nam a2200229Ia 4500
003 OSt
005 20220924145937.0
006 a|||||r|||| 00| 0
007 ta
008 220923b |||||||| |||| 00| 0 tel d
024 _a331058
037 _cTextual
040 _aARTS
_cARTS
_btel
041 _2tel
_atel
082 _aO35:g, L5
100 _aRao Seshagiri
_9220930
245 0 _aKavibrahma
260 _c1975
650 _aTELUGU LITERATURE
942 _hO35:g, L5
_cTEXL
_2CC
999 _c461731
_d461731